Prinzipien und Methoden der Dynamik : (Rekord nr 15546)
| 000 -ETYKIETA REKORDU | |
|---|---|
| podpole kontrolne o stałej długości | 00544nam a2200181 i 4500 |
| 001 - NUMER KONTROLNY REKORDU | |
| pole kontrolne | bg |
| 040 ## - ŹRÓDŁO KATALOGOWANIA | |
| Instytucja, która utworzyła rekord | BPK |
| 041 ## - KOD JĘZYKA | |
| Kod języka tekstu | pol |
| 080 ## - UNIWERSALNA KLASYFIKACJA DZIESIĘTNA - UKD | |
| UKD | 531.3 |
| 008 - POLE O STAŁEJ DŁUGOŚCI - DANE KONTROLNE | |
| podpole kontrolne o stałej długości | s pl f |000 0 pol |
| 100 1# - NAZWA OSOBOWA | |
| Nazwa osobowa | FISCHER, Udo |
| 245 #0 - TYTUŁ/ODPOWIEDZIALNOŚĆ | |
| Tytuł | Prinzipien und Methoden der Dynamik : |
| Ciąg dalszy tytułu | Ihre Anwendung auf Systeme mit unendlich vielen Freiheitsgraden / |
| Pozostałe elementy strefy tytułu i oznaczenia odpowiedzialności | Udo Fischer, Wolfgang Stephan. |
| 260 ## - STREFA ADRESU WYDAWNICZEGO | |
| Miejsce wydania | Leipzig : |
| Nazwa wydawcy/dystrybutora | Fachbuchverl., |
| Data publikacji, dystrybucji/powstania dokumentu | 1972. |
| 300 ## - STREFA OPISU FIZYCZNEGO | |
| Objętość | 260 s. : |
| Inne cechy fizyczne | rys. |
| 504 ## - UWAGA DOTYCZĄCA BIBLIOGRAFII | |
| Informacje o bibliografii | [Zawiera bibliogr. s. 257]. |
| 700 1# - HASŁO DODATKOWE - NAZWA OSOBOWA | |
| Nazwa osobowa | STEPHAN, Wolfgang |
| 856 ## - LOKALIZACJA I DOSTĘP DO ELEKTRONICZNYCH DOKUMENTÓW ZDALNYCH | |
| Link (URL) | http://koha.tu.koszalin.pl/cgi-bin/koha/opac-detail.pl?biblionumber=15546 |
| Tekst linku | Katalog online BPK |
| 942 ## - DODATKOWE ELEMENTY (KOHA) | |
| Typ dokumentu | Książka |
| Wycofany | Status egzemplarza | Uszkodzony | Dostępność | Lokalizacja stała | Lokalizacja bieżąca | Miejsce przechowywania | Sygnatura | Kod kreskowy | Typ dokumentu |
|---|---|---|---|---|---|---|---|---|---|
| Dostępny | Biblioteka Politechniki Koszalińskiej | Biblioteka Politechniki Koszalińskiej | Wypożyczalnia BG | 16261 | 01734409 | Książka |
